[Event "Nordic-ch Seniors"]
[Site "Elsinore"]
[Date "2007.07.22"]
[Round "2"]
[White "Lardot, Derik"]
[Black "Westerinen, Heikki"]
[Result "1/2-1/2"]
[WhiteElo "2034"]
[BlackElo "2385"]
[PlyCount "68"]
[EventDate "2007.07.21"]
[EventType "swiss"]
[EventRounds "9"]
[EventCountry "DEN"]
[Source "ChessBase"]
[SourceDate "2009.11.30"]

1. e4 e6 2. d4 d5 3. exd5 Qxd5 4. Nf3 Nf6 5. Be3 Ng4 6. Bd3 Nxe3 7. fxe3 Be7 8.
O-O Nc6 9. Nc3 Qh5 10. Be4 O-O 11. Bxc6 bxc6 12. Ne5 Qxd1 13. Raxd1 c5 14. Ne4
cxd4 15. exd4 Bd6 16. Nd3 Ba6 17. Rfe1 Bxd3 18. Rxd3 Rab8 19. Rb3 a5 20. Rxb8
Rxb8 21. b3 a4 22. Re2 Kf8 23. h3 Ke7 24. Kf2 Bf4 25. Nc5 axb3 26. axb3 c6 27.
Kf3 Bd6 28. Ne4 Bc7 29. Nd2 Rb5 30. Nc4 Rf5+ 31. Ke4 Rf1 32. Kd3 h5 33. Ne3 Ra1
34. d5 Kd6 1/2-1/2

[Event "Nordic-ch Seniors"]
[Site "Elsinore"]
[Date "2007.07.24"]
[Round "4"]
[White "Lardot, Derik"]
[Black "Bue, Gunnar"]
[Result "1-0"]
[WhiteElo "2034"]
[BlackElo "1809"]
[PlyCount "53"]
[EventDate "2007.07.21"]
[EventType "swiss"]
[EventRounds "9"]
[EventCountry "DEN"]
[Source "ChessBase"]
[SourceDate "2009.11.30"]

1. e4 c5 2. c3 e6 3. d4 d5 4. Nd2 Nc6 5. dxc5 Bxc5 6. Nb3 Bb6 7. exd5 exd5 8.
Nf3 Nf6 9. Be2 O-O 10. O-O Be6 11. Bg5 h6 12. Bh4 g5 13. Bg3 Ne4 14. Nfd4 Nxg3
15. hxg3 Qd6 16. Qd2 Nxd4 17. Nxd4 Bxd4 18. Qxd4 Qb6 19. Qxb6 axb6 20. Rfd1
Rfd8 21. Rd4 Ra5 22. a3 Rda8 23. Rb4 Ra4 24. Rxb6 R8a7 25. Rd1 Re4 26. Bf3 Re5
27. Rb5 1-0

[Event "Nordic-ch Seniors"]
[Site "Elsinore"]
[Date "2007.07.27"]
[Round "7"]
[White "Lardot, Derik"]
[Black "Andersson, Mats"]
[Result "1-0"]
[WhiteElo "2034"]
[BlackElo "2328"]
[PlyCount "59"]
[EventDate "2007.07.21"]
[EventType "swiss"]
[EventRounds "9"]
[EventCountry "DEN"]
[Source "ChessBase"]
[SourceDate "2009.11.30"]

1. e4 e6 2. Qe2 c5 3. g3 Nc6 4. c3 Be7 5. Bg2 b6 6. f4 d5 7. d3 d4 8. e5 Bb7 9.
Nf3 Rb8 10. O-O Nh6 11. Nbd2 O-O 12. Ne4 Qd7 13. c4 Nd8 14. Bh3 Bxe4 15. dxe4
Kh8 16. f5 Ng8 17. Bf4 b5 18. f6 d3 19. Qd2 bxc4 20. fxe7 Nxe7 21. Be3 Qb5 22.
Rf2 Ndc6 23. Rb1 Kg8 24. Ng5 Nxe5 25. Nxe6 Rfc8 26. Nxg7 Kxg7 27. Bh6+ Kg8 28.
Bxc8 Rb6 29. Qg5+ N5g6 30. Rxf7 1-0

[Event "Nordic-ch Seniors"]
[Site "Elsinore"]
[Date "2007.07.25"]
[Round "5"]
[White "Lardot, Derik"]
[Black "Wicklund Hansen, Richard"]
[Result "1/2-1/2"]
[WhiteElo "2034"]
[BlackElo "1944"]
[PlyCount "35"]
[EventDate "2007.07.21"]
[EventType "swiss"]
[EventRounds "9"]
[EventCountry "DEN"]
[Source "ChessBase"]
[SourceDate "2009.11.30"]

1. e4 d6 2. d4 Nf6 3. Nc3 g6 4. h3 Bg7 5. Nf3 O-O 6. Be3 e5 7. dxe5 dxe5 8. Bc4
Nc6 9. O-O Qe7 10. Bg5 Qc5 11. Bxf6 Qxc4 12. Qd5 Be6 13. Qxc4 Bxc4 14. Bxg7
Kxg7 15. Rfd1 f6 16. Rd7+ Rf7 17. Rad1 Be6 18. Rxf7+ 1/2-1/2

[Event "Nordic-ch Seniors"]
[Site "Elsinore"]
[Date "2007.07.24"]
[Round "4"]
[White "Ofstad, Per"]
[Black "Westerinen, Heikki"]
[Result "0-1"]
[WhiteElo "2169"]
[BlackElo "2385"]
[PlyCount "56"]
[EventDate "2007.07.21"]
[EventType "swiss"]
[EventRounds "9"]
[EventCountry "DEN"]
[Source "ChessBase"]
[SourceDate "2009.11.30"]

1. e4 e5 2. Nf3 Nc6 3. Bb5 Nf6 4. O-O Nxe4 5. d4 Nd6 6. Bxc6 dxc6 7. dxe5 Ne4
8. Qe2 Bf5 9. Be3 Bc5 10. Nbd2 Bxe3 11. Nxe4 Bb6 12. c4 Qe7 13. a3 O-O 14. Rfe1
a5 15. b3 Bg4 16. Qb2 Rad8 17. Rad1 Rxd1 18. Rxd1 Rd8 19. Rxd8+ Qxd8 20. Qd2
Qxd2 21. Nexd2 Bc5 22. a4 Kf8 23. Kf1 Ke7 24. Ng5 Bd4 25. f4 Be3 26. Ngf3 Bxf4
27. h3 Bf5 28. Kf2 c5 0-1

[Event "Nordic-ch Seniors"]
[Site "Elsinore"]
[Date "2007.07.26"]
[Round "6"]
[White "Ofstad, Per"]
[Black "Lardot, Derik"]
[Result "1-0"]
[WhiteElo "2169"]
[BlackElo "2034"]
[PlyCount "117"]
[EventDate "2007.07.21"]
[EventType "swiss"]
[EventRounds "9"]
[EventCountry "DEN"]
[Source "ChessBase"]
[SourceDate "2009.11.30"]

1. Nf3 Nc6 2. d4 d5 3. g3 g6 4. Bg2 Bg7 5. O-O e6 6. c3 Nce7 7. Nbd2 Nf6 8. Ne5
Nd7 9. Nd3 O-O 10. e4 f5 11. exd5 exd5 12. Nf3 h6 13. Bf4 Kh7 14. Be5 Nxe5 15.
Nfxe5 Qd6 16. Re1 c6 17. h4 b6 18. Qd2 Ba6 19. Qf4 Bxd3 20. Nxd3 Qxf4 21. Nxf4
Ng8 22. Re6 Rf6 23. Rae1 Rc8 24. a3 Rxe6 25. Rxe6 Bf6 26. h5 g5 27. Nd3 Kg7 28.
Bh3 Ne7 29. b4 Kf7 30. Rd6 g4 31. Bg2 b5 32. Kf1 Bg5 33. Ke2 a5 34. Ne5+ Ke8
35. f4 gxf3+ 36. Nxf3 Bc1 37. Ne5 Bxa3 38. Rxh6 Kd8 39. bxa5 Kc7 40. Rh7 Kd6
41. Bh3 Bc1 42. Nd3 Ba3 43. Rh6+ Kc7 44. Rf6 Rh8 45. h6 Bd6 46. Kf3 Rh7 47. a6
Ng8 48. a7 Kb7 49. Rxd6 Rxh6 50. Rxh6 Nxh6 51. Ne5 Kxa7 52. Nxc6+ Kb6 53. Ne7
b4 54. Nxd5+ Kb5 55. Nxb4 Kc4 56. Na2 Kb3 57. Kf4 Kxa2 58. Bxf5 Kb2 59. Be6 1-0

[Event "Nordic-ch Seniors"]
[Site "Elsinore"]
[Date "2007.07.22"]
[Round "2"]
[White "Ofstad, Per"]
[Black "Wicklund Hansen, Richard"]
[Result "1-0"]
[WhiteElo "2169"]
[BlackElo "1944"]
[PlyCount "55"]
[EventDate "2007.07.21"]
[EventType "swiss"]
[EventRounds "9"]
[EventCountry "DEN"]
[Source "ChessBase"]
[SourceDate "2009.11.30"]

1. e4 c5 2. c3 d5 3. exd5 Qxd5 4. d4 Nc6 5. Nf3 Bg4 6. Be2 cxd4 7. cxd4 e6 8.
Nc3 Qd8 9. O-O Nf6 10. h3 Bh5 11. Be3 Be7 12. Qb3 Qc7 13. Rac1 O-O 14. d5 exd5
15. Nxd5 Nxd5 16. Qxd5 Bg6 17. Nd4 Qd8 18. Nxc6 bxc6 19. Qxd8 Rfxd8 20. Rxc6
Bf6 21. b3 h6 22. Bf3 Rac8 23. Rfc1 Rxc6 24. Rxc6 Bb1 25. Ra6 Bd4 26. Bxd4 Rxd4
27. Rxa7 Rd2 28. a3 1-0

[Event "Nordic-ch Seniors"]
[Site "Elsinore"]
[Date "2007.07.21"]
[Round "1"]
[White "Olesen, Holger Vestergaard"]
[Black "Ovesen, Karsten"]
[Result "0-1"]
[WhiteElo "1996"]
[BlackElo "1428"]
[PlyCount "78"]
[EventDate "2007.07.21"]
[EventType "swiss"]
[EventRounds "9"]
[EventCountry "DEN"]
[Source "ChessBase"]
[SourceDate "2009.11.30"]

1. d4 d5 2. c4 c6 3. cxd5 cxd5 4. Nc3 Nf6 5. Bf4 a6 6. e3 Bf5 7. Bd3 Bxd3 8.
Qxd3 e6 9. Nf3 Bd6 10. Bg5 Nbd7 11. O-O O-O 12. Rac1 Rc8 13. a3 b5 14. Rfe1 Qb6
15. Nd2 Rc6 16. b4 Qc7 17. f4 Rc8 18. Nb3 Rxc3 19. Qb1 Rxc1 20. Rxc1 Qb7 21.
Nc5 Bxc5 22. bxc5 Ne4 23. Bh4 Nb8 24. Be1 Nc6 25. Qb3 Rb8 26. Rb1 a5 27. f5 b4
28. fxe6 fxe6 29. axb4 axb4 30. h3 Qb5 31. Rb2 Qc4 32. Qd1 Rf8 33. Kh2 Nc3 34.
Qg4 Rf6 35. Bh4 Rg6 36. Qf4 h6 37. Rf2 Ne4 38. Rf3 Qe2 39. Bg3 Rf6 0-1

[Event "Nordic-ch Seniors"]
[Site "Elsinore"]
[Date "2007.07.27"]
[Round "7"]
[White "Olesen, Holger Vestergaard"]
[Black "Ofstad, Per"]
[Result "1/2-1/2"]
[WhiteElo "1996"]
[BlackElo "2169"]
[PlyCount "41"]
[EventDate "2007.07.21"]
[EventType "swiss"]
[EventRounds "9"]
[EventCountry "DEN"]
[Source "ChessBase"]
[SourceDate "2009.11.30"]

1. d4 f5 2. Bg5 d5 3. e3 Nf6 4. Bxf6 exf6 5. Bd3 Bd6 6. Nc3 c6 7. Nge2 O-O 8.
Ng3 g6 9. Qd2 a5 10. Nce2 Na6 11. c3 b5 12. h4 h5 13. O-O-O Be6 14. Nf4 Qe8 15.
Nxe6 Qxe6 16. Ne2 b4 17. Nf4 Qf7 18. Qe2 Bxf4 19. exf4 Rfe8 20. Qc2 bxc3 21.
Qxc3 1/2-1/2

[Event "Nordic-ch Seniors"]
[Site "Elsinore"]
[Date "2007.07.24"]
[Round "4"]
[White "Olesen, Holger Vestergaard"]
[Black "Akvist, Hakan"]
[Result "0-1"]
[WhiteElo "1996"]
[BlackElo "2161"]
[PlyCount "84"]
[EventDate "2007.07.21"]
[EventType "swiss"]
[EventRounds "9"]
[EventCountry "DEN"]
[Source "ChessBase"]
[SourceDate "2009.11.30"]

1. d4 Nf6 2. Nf3 g6 3. Bf4 Bg7 4. e3 d6 5. h3 O-O 6. Nbd2 Nbd7 7. Be2 Nh5 8.
Bh2 e5 9. dxe5 dxe5 10. Nc4 Qe7 11. g4 Nhf6 12. c3 Ne8 13. Qc2 a5 14. a4 Nd6
15. Rd1 Nxc4 16. Bxc4 Nb6 17. Be2 Bd7 18. b3 Bc6 19. e4 Nd7 20. Bc4 Nc5 21. Bd5
Bd7 22. O-O c6 23. Bc4 Kh8 24. Bg3 h5 25. Bh4 f6 26. Nh2 g5 27. f4 gxh4 28. f5
Be8 29. Nf3 Bh6 30. Qf2 Nxe4 31. Qxh4 Bf4 32. Qe1 Ng5 33. Kg2 Nxf3 34. Rxf3 Rd8
35. Rxd8 Qxd8 36. Rd3 Qc7 37. Qd1 h4 38. Rd8 Bg5 39. Be6 Kg7 40. Qd3 c5 41. Rc8
Bc6+ 42. Kf1 Rxc8 0-1

[Event "Nordic-ch Seniors"]
[Site "Elsinore"]
[Date "2007.07.22"]
[Round "2"]
[White "Olesen, Holger Vestergaard"]
[Black "Bue, Gunnar"]
[Result "1-0"]
[WhiteElo "1996"]
[BlackElo "1809"]
[PlyCount "81"]
[EventDate "2007.07.21"]
[EventType "swiss"]
[EventRounds "9"]
[EventCountry "DEN"]
[Source "ChessBase"]
[SourceDate "2009.11.30"]

1. d4 Nf6 2. Nf3 e6 3. g3 b6 4. Bg2 Bb7 5. O-O Be7 6. c4 d5 7. cxd5 exd5 8. Nc3
O-O 9. Bg5 h6 10. Bd2 Ne4 11. Rc1 c5 12. Bf4 g5 13. Be3 f5 14. Ne5 Kg7 15. f4
Nc6 16. Nxe4 fxe4 17. Nxc6 Bxc6 18. dxc5 b5 19. Bd4+ Bf6 20. fxg5 hxg5 21. e3
Kg6 22. Bh3 Bxd4 23. Qxd4 Qe7 24. Bg4 a5 25. Be2 Rxf1+ 26. Rxf1 Rf8 27. Rxf8
Qxf8 28. b3 b4 29. Kg2 Qe7 30. Qh8 Qg7 31. Bh5+ Kf6 32. Qd8+ Qe7 33. Qxa5 Qe5
34. Qd8+ Qe7 35. Qh8+ Qg7 36. Qc8 Bd7 37. Qa6+ Be6 38. Bg4 Qe7 39. Bxe6 Qxe6
40. Qxe6+ Kxe6 41. h4 1-0

[Event "Nordic-ch Seniors"]
[Site "Elsinore"]
[Date "2007.07.28"]
[Round "8"]
[White "Olesen, Holger Vestergaard"]
[Black "Westerinen, Heikki"]
[Result "0-1"]
[WhiteElo "1996"]
[BlackElo "2385"]
[PlyCount "44"]
[EventDate "2007.07.21"]
[EventType "swiss"]
[EventRounds "9"]
[EventCountry "DEN"]
[Source "ChessBase"]
[SourceDate "2009.11.30"]

1. d4 Nf6 2. Nf3 g6 3. c4 Bg7 4. Nc3 O-O 5. e4 d6 6. Be2 e5 7. d5 a5 8. O-O Na6
9. Be3 Ng4 10. Bg5 f6 11. Bd2 Nc5 12. Ne1 f5 13. f3 Nf6 14. Nd3 fxe4 15. Nxc5
exf3 16. Bxf3 dxc5 17. Qe2 Bf5 18. Bg5 Qe8 19. Rfe1 Qf7 20. Rad1 e4 21. Nxe4
Nxe4 22. Bxe4 Rae8 0-1

[Event "Nordic-ch Seniors"]
[Site "Elsinore"]
[Date "2007.07.22"]
[Round "2"]
[White "Ovesen, Karsten"]
[Black "Akvist, Hakan"]
[Result "1-0"]
[WhiteElo "1428"]
[BlackElo "2161"]
[PlyCount "77"]
[EventDate "2007.07.21"]
[EventType "swiss"]
[EventRounds "9"]
[EventCountry "DEN"]
[Source "ChessBase"]
[SourceDate "2009.11.30"]

1. d4 Nf6 2. Nf3 c5 3. dxc5 e6 4. Bg5 Bxc5 5. e3 d5 6. c3 O-O 7. Bd3 h6 8. Bh4
Nbd7 9. Nbd2 Be7 10. O-O Nc5 11. Bc2 b6 12. Re1 Nfe4 13. Bxe7 Qxe7 14. Nxe4
dxe4 15. Nd2 Bb7 16. Qg4 f5 17. Qh5 Kh7 18. Red1 g6 19. Qh3 e5 20. Nc4 Rad8 21.
g3 Ne6 22. Rxd8 Rxd8 23. Rd1 Ng5 24. Qf1 Ba6 25. Bb3 Nf3+ 26. Kg2 f4 27. Qe2
Nd4 28. Qd2 f3+ 29. Kh1 Nc6 30. Qc2 Rxd1+ 31. Qxd1 Kg7 32. Qd5 Bb7 33. Nd6 Na5
34. Qg8+ Kf6 35. Qh8+ Kg5 36. Nf7+ Kf5 37. Nxh6+ Kg5 38. h4+ Kh5 39. Ng8+ 1-0

[Event "Nordic-ch Seniors"]
[Site "Elsinore"]
[Date "2007.07.28"]
[Round "8"]
[White "Ovesen, Karsten"]
[Black "Lardot, Derik"]
[Result "0-1"]
[WhiteElo "1428"]
[BlackElo "2034"]
[PlyCount "52"]
[EventDate "2007.07.21"]
[EventType "swiss"]
[EventRounds "9"]
[EventCountry "DEN"]
[Source "ChessBase"]
[SourceDate "2009.11.30"]

1. d4 d5 2. Nf3 Nc6 3. Bg5 Bg4 4. Nbd2 Qd7 5. c3 e6 6. Qa4 Bd6 7. e3 f6 8. Bh4
Nce7 9. Qb3 c6 10. c4 Nh6 11. Bd3 O-O 12. Bg3 Rae8 13. Qc2 Bf5 14. Bxd6 Bxd3
15. Qxd3 Qxd6 16. O-O e5 17. dxe5 fxe5 18. cxd5 cxd5 19. Nc4 Qe6 20. Ncxe5 Rf5
21. Qd4 Nc6 22. Nxc6 bxc6 23. Qxa7 Rh5 24. a4 Rf8 25. Kh1 Qd6 26. h3 Rxf3 0-1

[Event "Nordic-ch Seniors"]
[Site "Elsinore"]
[Date "2007.07.26"]
[Round "6"]
[White "Ovesen, Karsten"]
[Black "Videbaek, Kurt"]
[Result "1-0"]
[WhiteElo "1428"]
[BlackElo "1370"]
[PlyCount "147"]
[EventDate "2007.07.21"]
[EventType "swiss"]
[EventRounds "9"]
[EventCountry "DEN"]
[Source "ChessBase"]
[SourceDate "2009.11.30"]

1. d4 d5 2. Nf3 c6 3. Bg5 Nf6 4. e3 Ne4 5. Bh4 Bf5 6. Nbd2 Nd6 7. c4 g6 8. Qb3
dxc4 9. Nxc4 b5 10. Ncd2 Bg7 11. Be2 Be6 12. Qc3 O-O 13. O-O Nf5 14. Bd3 Nxh4
15. Nxh4 f5 16. f4 Bd5 17. Nhf3 Nd7 18. b4 a5 19. a3 Qc7 20. Nb3 Ra7 21. Nxa5
Qb6 22. Nb3 Rfa8 23. Nc5 Nxc5 24. bxc5 Qa5 25. Qb2 Qc7 26. Bc2 Ra5 27. Bb3 e6
28. Ng5 Qe7 29. Bxd5 exd5 30. Kf2 h6 31. Nf3 Qa7 32. Ne5 Bxe5 33. fxe5 Rxa3 34.
Rxa3 Qxa3 35. Qxa3 Rxa3 36. g3 Kf7 37. h4 Ra2+ 38. Kf3 Ke6 39. Rb1 Ke7 40. Rb3
Ke6 41. g4 g5 42. hxg5 hxg5 43. gxf5+ Kxf5 44. Rb1 Ra3 45. Rh1 g4+ 46. Kf2 g3+
47. Kf3 g2 48. Rg1 Ra2 49. Kg3 b4 50. Kh2 b3 51. Rb1 g1=Q+ 52. Kxg1 b2 53. Kf2
Ke6 54. Kf3 Kf5 55. Kg3 Ra3 56. Rxb2 Rxe3+ 57. Kf2 Re4 58. Re2 Rg4 59. Ke3 Rg3+
60. Kd2 Ke6 61. Re3 Rg2+ 62. Kd3 Rg1 63. Rf3 Rg6 64. Kc3 Ke7 65. Rf4 Rh6 66.
Kb4 Rh1 67. Rf6 Rc1 68. Rxc6 Rc4+ 69. Kb5 Rxd4 70. Rd6 Rd1 71. c6 d4 72. c7 Rc1
73. Kb6 d3 74. Rxd3 1-0

[Event "Nordic-ch Seniors"]
[Site "Elsinore"]
[Date "2007.07.23"]
[Round "3"]
[White "Ovesen, Karsten"]
[Black "Ofstad, Per"]
[Result "1/2-1/2"]
[WhiteElo "1428"]
[BlackElo "2169"]
[PlyCount "33"]
[EventDate "2007.07.21"]
[EventType "swiss"]
[EventRounds "9"]
[EventCountry "DEN"]
[Source "ChessBase"]
[SourceDate "2009.11.30"]

1. d4 d5 2. Nf3 Nf6 3. Bg5 c6 4. Nbd2 Nbd7 5. e3 g6 6. Bd3 Bg7 7. h3 O-O 8. Bf4
c5 9. c3 b6 10. O-O Bb7 11. Ne5 Nxe5 12. Bxe5 Nd7 13. Bxg7 Kxg7 14. f4 e6 15.
Nf3 Qe7 16. Qe1 f6 17. Qg3 1/2-1/2

[Event "Nordic-ch Seniors"]
[Site "Elsinore"]
[Date "2007.07.28"]
[Round "8"]
[White "Videbaek, Kurt"]
[Black "Christiansen, Niels Jorgen"]
[Result "1/2-1/2"]
[WhiteElo "1370"]
[BlackElo "1426"]
[PlyCount "62"]
[EventDate "2007.07.21"]
[EventType "swiss"]
[EventRounds "9"]
[EventCountry "DEN"]
[Source "ChessBase"]
[SourceDate "2009.11.30"]

1. e4 c5 2. Nf3 d6 3. Nc3 Nf6 4. Bc4 e6 5. d3 Nc6 6. h3 a6 7. a4 b6 8. Bf4 Be7
9. O-O O-O 10. Nh2 Re8 11. Re1 Bb7 12. Ng4 Nd4 13. Ne2 Nxg4 14. Nxd4 Nxf2 15.
Kxf2 cxd4 16. Kg1 Bg5 17. Qg4 Bxf4 18. Qxf4 d5 19. exd5 Bxd5 20. Bxd5 Qxd5 21.
Re4 Rad8 22. Rf1 Rf8 23. Qg3 f6 24. Rg4 Rd7 25. Qh4 e5 26. Rxf6 Rxf6 27. Qxf6
Rf7 28. Qg5 Qd6 29. Re4 Re7 30. Qg3 Qf6 31. Re2 Qe6 1/2-1/2

[Event "Nordic-ch Seniors"]
[Site "Elsinore"]
[Date "2007.07.25"]
[Round "5"]
[White "Videbaek, Kurt"]
[Black "Olesen, Holger Vestergaard"]
[Result "1/2-1/2"]
[WhiteElo "1370"]
[BlackElo "1996"]
[PlyCount "49"]
[EventDate "2007.07.21"]
[EventType "swiss"]
[EventRounds "9"]
[EventCountry "DEN"]
[Source "ChessBase"]
[SourceDate "2009.11.30"]

1. e4 c5 2. Nf3 Nc6 3. d4 cxd4 4. Nxd4 Nf6 5. Nc3 e5 6. Nb3 Bb4 7. Bd3 d5 8.
exd5 Nxd5 9. Bd2 Nxc3 10. bxc3 Be7 11. O-O O-O 12. Re1 Qc7 13. Re3 Be6 14. Qe2
Rad8 15. Rg3 f5 16. Bh6 Bf6 17. Bc4 Bxc4 18. Qxc4+ Kh8 19. Bg5 Qe7 20. Bxf6
Rxf6 21. Rd3 Rfd6 22. Rad1 e4 23. Rxd6 Rxd6 24. Rxd6 Qxd6 25. Qe2 1/2-1/2

[Event "Nordic-ch Seniors"]
[Site "Elsinore"]
[Date "2007.07.27"]
[Round "7"]
[White "Videbaek, Kurt"]
[Black "Iversen, Jens"]
[Result "0-1"]
[WhiteElo "1370"]
[BlackElo "1550"]
[PlyCount "74"]
[EventDate "2007.07.21"]
[EventType "swiss"]
[EventRounds "9"]
[EventCountry "DEN"]
[Source "ChessBase"]
[SourceDate "2009.11.30"]

1. e4 c5 2. Nf3 d6 3. d4 cxd4 4. Nxd4 Nc6 5. Nc3 g6 6. Bc4 Bg7 7. Be3 Nf6 8. f3
O-O 9. a3 Bd7 10. Qd2 a6 11. g4 Ne5 12. Be2 Rc8 13. O-O-O Nc4 14. Bxc4 Rxc4 15.
h4 Qa5 16. Nb3 Qc7 17. h5 Rc8 18. Bd4 e5 19. Be3 Rxc3 20. Qxc3 Qxc3 21. bxc3
Rxc3 22. Kd2 Rc8 23. hxg6 fxg6 24. Rh2 d5 25. exd5 Nxd5 26. Kc1 Bc6 27. Bg5 Rc7
28. c4 Nf6 29. Rd8+ Kf7 30. Bxf6 Kxf6 31. Rxh7 Bxf3 32. Rf8+ Rf7 33. Rxf7+ Kxf7
34. Rh4 Bf8 35. a4 Ba3+ 36. Kd2 Be7 37. Rh1 Bxh1 0-1

[Event "Nordic-ch Seniors"]
[Site "Elsinore"]
[Date "2007.07.22"]
[Round "2"]
[White "Videbaek, Kurt"]
[Black "Jessen, Ernst J"]
[Result "1/2-1/2"]
[WhiteElo "1370"]
[BlackElo "1577"]
[PlyCount "63"]
[EventDate "2007.07.21"]
[EventType "swiss"]
[EventRounds "9"]
[EventCountry "DEN"]
[Source "ChessBase"]
[SourceDate "2009.11.30"]

1. e4 Nf6 2. e5 Nd5 3. d4 d6 4. Bc4 Nb6 5. Bb5+ c6 6. Be2 dxe5 7. dxe5 Qxd1+ 8.
Bxd1 Bf5 9. Nf3 e6 10. Bd2 Be7 11. O-O h6 12. Nd4 Bh7 13. Nc3 O-O 14. Be3 N8d7
15. Re1 Nc4 16. Bf4 Rfd8 17. b3 Bb4 18. Nde2 Ncxe5 19. a3 Be7 20. Ra2 Ng6 21.
Bc7 Rdc8 22. Bg3 Nf6 23. Nf4 Nxf4 24. Bxf4 Rd8 25. Bf3 Rd7 26. Na4 Rad8 27. Be3
b6 28. c3 c5 29. Nb2 Bc2 30. b4 Bb3 31. Raa1 Bd5 32. Be2 1/2-1/2

[Event "Nordic-ch Seniors"]
[Site "Elsinore"]
[Date "2007.07.23"]
[Round "3"]
[White "Westerinen, Heikki"]
[Black "Videbaek, Kurt"]
[Result "1-0"]
[WhiteElo "2385"]
[BlackElo "1370"]
[PlyCount "41"]
[EventDate "2007.07.21"]
[EventType "swiss"]
[EventRounds "9"]
[EventCountry "DEN"]
[Source "ChessBase"]
[SourceDate "2009.11.30"]

1. e4 e6 2. d4 d5 3. Bd3 c5 4. exd5 Qxd5 5. Nc3 Qxg2 6. Be4 Qxh1 7. Bxh1 Nf6 8.
Nb5 Na6 9. dxc5 Bxc5 10. Be3 O-O 11. Bxc5 Nxc5 12. Qd4 Na6 13. O-O-O Rb8 14.
Nf3 Bd7 15. Nd6 b6 16. Rg1 Kh8 17. Ne5 Be8 18. Bc6 Nc7 19. Bxe8 Rbxe8 20.
Nexf7+ Kg8 21. Nh6+ 1-0

[Event "Nordic-ch Seniors"]
[Site "Elsinore"]
[Date "2007.07.27"]
[Round "7"]
[White "Westerinen, Heikki"]
[Black "Akvist, Hakan"]
[Result "1-0"]
[WhiteElo "2385"]
[BlackElo "2161"]
[PlyCount "83"]
[EventDate "2007.07.21"]
[EventType "swiss"]
[EventRounds "9"]
[EventCountry "DEN"]
[Source "ChessBase"]
[SourceDate "2009.11.30"]

1. e4 e6 2. d4 d5 3. Nc3 Bb4 4. Nge2 dxe4 5. a3 Be7 6. Nxe4 Bd7 7. Bf4 Bc6 8.
Qd3 Bxe4 9. Qxe4 c6 10. c4 Nf6 11. Qf3 O-O 12. O-O-O Nbd7 13. Nc3 Rc8 14. g4 b5
15. g5 Ne8 16. h4 bxc4 17. Bxc4 Nb6 18. Ba6 Nd6 19. Bxc8 Qxc8 20. Bxd6 Bxd6 21.
Qe2 Qc7 22. Kb1 Rb8 23. Ka1 Nd7 24. Ne4 Be7 25. Rh3 Qa5 26. Rc1 Qd5 27. Rhc3
Nb6 28. Nc5 Rd8 29. Rd3 Nc4 30. Rdd1 Na5 31. Qa6 Bxc5 32. Qxa5 Bb6 33. Qxd5
cxd5 34. b4 Kf8 35. a4 e5 36. dxe5 Bxf2 37. Rc7 Bg3 38. Rxa7 Bxe5+ 39. Ka2 d4
40. Rd3 f5 41. gxf6 Bxf6 42. b5 1-0

[Event "Nordic-ch Seniors"]
[Site "Elsinore"]
[Date "2007.07.21"]
[Round "1"]
[White "Westerinen, Heikki"]
[Black "Andersson, Mats"]
[Result "1-0"]
[WhiteElo "2385"]
[BlackElo "2328"]
[PlyCount "45"]
[EventDate "2007.07.21"]
[EventType "swiss"]
[EventRounds "9"]
[EventCountry "DEN"]
[Source "ChessBase"]
[SourceDate "2009.11.30"]

1. e4 e6 2. d4 d5 3. Bd3 dxe4 4. Bxe4 Nf6 5. Bf3 c6 6. Ne2 Bd6 7. O-O Qc7 8. g3
Nbd7 9. Nd2 O-O 10. Nc4 e5 11. Bg2 exd4 12. Nxd4 Nb6 13. Nxd6 Qxd6 14. Nxc6
Qxd1 15. Ne7+ Kh8 16. Rxd1 Bg4 17. Rd4 Rae8 18. Bg5 Be6 19. Bxf6 gxf6 20. Nd5
Rd8 21. Rad1 Bxd5 22. Bxd5 Nxd5 23. Rxd5 1-0

[Event "Nordic-ch Seniors"]
[Site "Elsinore"]
[Date "2007.07.25"]
[Round "5"]
[White "Westerinen, Heikki"]
[Black "Ovesen, Karsten"]
[Result "1-0"]
[WhiteElo "2385"]
[BlackElo "1428"]
[PlyCount "47"]
[EventDate "2007.07.21"]
[EventType "swiss"]
[EventRounds "9"]
[EventCountry "DEN"]
[Source "ChessBase"]
[SourceDate "2009.11.30"]

1. e4 c6 2. d4 d5 3. Nc3 dxe4 4. Nxe4 Bf5 5. Ng3 Bg6 6. h4 h6 7. Nf3 Nf6 8. h5
Bh7 9. Bd3 e6 10. Bxh7 Nxh7 11. Qe2 Bd6 12. Ne4 Be7 13. Bf4 Nd7 14. Nd6+ Bxd6
15. Bxd6 Nhf6 16. c4 Nb6 17. Ba3 Nc8 18. O-O-O Ne7 19. Ne5 O-O 20. g4 Re8 21.
f4 Qc7 22. Kb1 Nd7 23. Rde1 a6 24. Nxf7 1-0

[Event "Nordic-ch Seniors"]
[Site "Elsinore"]
[Date "2007.07.29"]
[Round "9"]
[White "Wicklund Hansen, Richard"]
[Black "Videbaek, Kurt"]
[Result "1/2-1/2"]
[WhiteElo "1944"]
[BlackElo "1370"]
[PlyCount "119"]
[EventDate "2007.07.21"]
[EventType "swiss"]
[EventRounds "9"]
[EventCountry "DEN"]
[Source "ChessBase"]
[SourceDate "2009.11.30"]

1. d4 d5 2. Nf3 Nf6 3. c4 c6 4. Nc3 Bf5 5. e3 e6 6. Bd2 Nbd7 7. Nh4 Bg6 8. Nxg6
hxg6 9. Bd3 Qc7 10. h3 Be7 11. c5 b5 12. b4 a5 13. a3 Nf8 14. e4 axb4 15. axb4
Rxa1 16. Qxa1 Qb7 17. O-O N8d7 18. exd5 exd5 19. Re1 Nb8 20. Bf4 O-O 21. Qb2
Re8 22. Ra1 Nh5 23. Bh2 g5 24. Ra3 Na6 25. Ne2 Ra8 26. g4 Nf6 27. Ng3 Ne8 28.
Qb1 Nac7 29. Ra5 Rxa5 30. bxa5 Ne6 31. Nf5 Bd8 32. Qe1 Qa7 33. Nd6 Nxd6 34.
cxd6 Qxa5 35. Qe2 Qa1+ 36. Kg2 Qxd4 37. Bf5 Qf6 38. Be5 Qh6 39. Qc2 c5 40. Qd3
Nd4 41. Qa3 Nxf5 42. gxf5 g4 43. Qxc5 Qxh3+ 44. Kg1 g3 45. Bxg3 Qxf5 46. Qxb5
Qe6 47. Qc6 Kf8 48. Qc2 Kg8 49. Qc6 Kf8 50. Qb5 g6 51. Qb4 Ke8 52. Kf1 f6 53.
Qb5+ Kf8 54. Qb7 Ke8 55. Qh7 Qf7 56. Qh6 Kd7 57. Qe3 Qe6 58. Qd3 Qf7 59. Qb5+
Ke6 60. Qe2+ 1/2-1/2

[Event "Nordic-ch Seniors"]
[Site "Elsinore"]
[Date "2007.07.24"]
[Round "4"]
[White "Wicklund Hansen, Richard"]
[Black "Ovesen, Karsten"]
[Result "1/2-1/2"]
[WhiteElo "1944"]
[BlackElo "1428"]
[PlyCount "56"]
[EventDate "2007.07.21"]
[EventType "swiss"]
[EventRounds "9"]
[EventCountry "DEN"]
[Source "ChessBase"]
[SourceDate "2009.11.30"]

1. e4 c6 2. d3 d5 3. Nd2 dxe4 4. dxe4 Nf6 5. Ngf3 Bg4 6. Be2 e6 7. O-O Be7 8.
h3 Bxf3 9. Bxf3 O-O 10. b3 Nbd7 11. Bb2 Qc7 12. Kh1 Rfd8 13. Qe2 Ne5 14. Rad1
Rd7 15. Nc4 Nxc4 16. Rxd7 Nxd7 17. Qxc4 Ne5 18. Qe2 Rd8 19. Qe3 Nxf3 20. gxf3
Qa5 21. Rg1 g6 22. Qh6 Bf8 23. Qh4 Bg7 24. Bxg7 Kxg7 25. e5 Rd2 26. Qf4 Rxf2
27. Rd1 Re2 28. Qf6+ Kh6 1/2-1/2